000 00618cam a22002417a 4500
001 000803
003 armpunfd
005 20140612090621.0
008 011019e1997####xx#a##########000#0#und#d
040 _aarmpunfd
_carmpunfd
080 _a347.736 M 269
100 1 0 _a Maffia, Osvaldo J.
245 1 0 _aManual de concursos
260 _a La Rocca
_bT. 1
_c1997
300 _a574p.
650 7 _a Concursos
_2LEMB
650 7 _a Derecho Concursal
_2LEMB
942 _cLB
_2cdu
945 _aCatalis
_d2010-08-19
945 _aCatalis
_d2010-08-19
945 _aCatalis
_d2010-08-19
945 _aCatalis
_d2010-08-19
999 _c794
_d231298